000 011290000a22003250004500
001 768714001
003 CO-MdFUSB
005 20230609171842.0
008 230531b ||||| |||| 00| 0 eng d
020 _a8480830700
040 _bspa.
_aCO-MdFUSB
_cCO-MdFUSB
_dCO-MdFUSBC
_erda
041 _aspa
041 _aara
082 0 4 _a492.4
_222
_bR484g
100 1 _aRibera Florit, Josep (1935-)
_eautor
245 1 0 _aGuía para el estudio del arameo bíblico
_c / Josep Ribera-Florit
250 _asegunda
264 1 _aMadrid :
_bSociedades Bíblicas Unidas,
_c©[2001]
264 4 _c2005
300 _a155 págnas
_c; 24 cm.
336 _atexto
_btxt
_2rdacontent
337 _2rdamedia
_asin mediación
_bn
338 _2rdacarrier
_avolumen
_bnc
500 _aIncluye clasificación del grupo lingüístico arameo y sus respectivas siglas \ Incluye Abreviaturas de los textos citados
505 _aArameo Antiguo AA -- Arameo Clásico u oficial -- Arameo Medio -- Arameo Medio oriental -- Arameo tardío -- Arameo moderno.
563 _aRústico
653 _aArameo bíblico
942 _cBK
945 _aAEM-53
999 _c32220
_d32220